| 000 | 02817cam a2200373 i 4500 | ||
|---|---|---|---|
| 999 |
_c8026 _d8026 |
||
| 001 | 456187 | ||
| 003 | GBCCL | ||
| 005 | 20241126110641.0 | ||
| 008 | 150113s2015 ilu b 001 0 eng | ||
| 010 | _a 2015001438 | ||
| 020 | _a9781433549373 (tp) | ||
| 020 | _a9788193700860 | ||
| 035 | _a(OCoLC)ocn890758085 | ||
| 035 | _a(OCoLC)890758085 | ||
| 040 |
_aDLC _beng _erda _cDLC _dIG# _dYDXCP _dBTCTA _dOCLCF _dSPB _dSGB _dTLE _dLBB |
||
| 042 | _apcc | ||
| 049 |
_aLBBK _aLBBT _aLBBC _aLBBA |
||
| 050 | 0 | 0 |
_aBS680.H67 _bD493 2015 |
| 082 | 0 | 0 |
_a241.664 _223 _bDEY |
| 100 | 1 |
_aDeYoung, Kevin. _98801 |
|
| 245 | 1 | 0 |
_aWhat does the Bible really teach about homosexuality? / _cKevin DeYoung. |
| 264 | 1 |
_aBangalore : _bOmega book world, _c[2015] |
|
| 300 |
_a158 pages ; _c21 cm |
||
| 336 |
_atext _btxt _2rdacontent |
||
| 337 |
_aunmediated _bn _2rdamedia |
||
| 338 |
_avolume _bnc _2rdacarrier |
||
| 504 | _aIncludes bibliographical references (pages 151-153) and index. | ||
| 505 | 0 | _aIntroduction : What does the Bible teach about everything? -- Part one : Understanding God's Word. -- One man, one woman, one flesh (Genesis 1-2) -- Those infamous cities (Genesis 19) -- Taking a strange book seriously (Leviticus 18, 20) -- The Romans road in the wrong direction (Romans 1) -- A new word from an old place (1 Corinthians 6; 1 Timothy 1) -- Part two : Answering objections. -- "The Bible hardly ever mentions homosexuality" -- "Not that kind of homosexuality" -- "What about gluttony and divorce?" -- "The church is supposed to be a place for broken people" -- "You're on the wrong side of history" -- "It's not fair" -- "The God I worship is a God of love" -- Conclusion : Walking with God and walking with each other in truth and grace -- Appendix 1 : What about same-sex marriage? -- Appendix 2 : Same-sex attraction : three building blocks -- Appendix 3 : The church and homosexuality : ten commitments -- Annotated bibliography. | |
| 520 | _aIn this timely book, award-winning author Kevin DeYoung challenges each of us -- the skeptic and the seeker, the certain and the confused -- to take a humble look at God's Word regarding the issue of homosexuality. After examining key biblical passages in both the Old and New Testaments and the Bible's overarching teaching regarding sexuality, DeYoung responds to popular objections raised by Christians and non-Christians alike, making this an indispensable resource for thinking through one of the most pressing issues of our day. - Back cover. | ||
| 650 | 0 |
_aHomosexuality _xBiblical teaching. _94773 |
|
| 650 | 7 |
_aHomosexuality _xBiblical teaching. _2fast _0(OCoLC)fst00959757 _94773 |
|
| 776 | 0 | 8 |
_iOnline version: _aDeYoung, Kevin. _tWhat does the Bible really teach about homosexuality? _dWheaton : Crossway, 2015 _z9781433549380 _w(DLC) 2015007515 |
| 942 |
_2ddc _cBK _014 |
||